Hlas Matice slovenskej metodicko-inštruktážny bulletin Členského ústredia Matice slovenskej v Martine

Podrobná bibliografia
Médium: Seriál
Jazyk:slovenčina
Fyzický popis:26 zv. 35 cm
Vydavateľské údaje: Martin Matica slovenská 1968- [1994]
Predmet:

MARC

LEADER 00000cas a2200000 a 4500
001 vtls008883379
003 SK-MaSNL
005 20260228162143.0
008 021007d19681994xo ar 0 0 b0slo
035 |a (SVKBB03)vtls000130120 
040 |a SVKBB  |b slo  |c SVKBB  |d SNK  |e AACR2 
041 0 |a slo 
043 |a e-xo--- 
044 |a xo $c SK 
072 7 |a 316.7  |x Sociológia kultúry. Kultúrny život  |2 konspekt 
080 |a 316.7  |2 2011 
080 |a 050  |2 2011 
080 |a (055)  |2 2011 
245 0 0 |a Hlas Matice slovenskej  |b metodicko-inštruktážny bulletin Členského ústredia Matice slovenskej v Martine 
246 1 3 |a Hlas Matice slovenskej  |b informácie  |f 1968-1992 
260 |a Martin  |b Matica slovenská  |c 1968- [1994] 
300 |a 26 zv.  |c 35 cm 
310 |a 1x ročne 
362 0 |a 1968 - [1994]  |z BA001 
610 2 7 |a Matica slovenská  |2 SNKKA  |9 14662 
650 0 7 |a kultúra  |2 SNKPH  |9 886 
655 7 |a bulletiny  |2 SNKPH  |9 70453 
710 2 |a Matica slovenská  |4 pbl  |9 14662 
910 |a snk 
999 |c 6957  |d 8887 
952 |0 0  |1 0  |4 0  |7 0  |a SNK  |b SNK  |d 1998-06-16  |l 0  |o snkČSB 1838/1968  |p 17A0143789  |r 2005-01-02 00:00:00  |w 2026-02-21  |y PREZ 
952 |0 0  |1 0  |4 0  |7 0  |a SNK  |b SNK  |d 1999-03-08  |l 0  |o snkČSB 1838/1968 D1  |p 17A0184924  |r 2005-01-02 00:00:00  |w 2026-02-21  |y PREZ 
952 |0 0  |1 0  |4 0  |7 0  |a SNK  |b SNK  |d 2002-07-23  |l 0  |o snkČSB 1838/1969  |p 17A0269049  |r 2005-01-02 00:00:00  |t č. 6-14  |w 2026-02-21  |y PREZ 
952 |0 0  |1 0  |4 0  |7 0  |a SNK  |b SNK  |d 2002-07-23  |l 0  |o snkČSB 1838/1970  |p 17A0269001  |r 2005-01-02 00:00:00  |t č. 15-22  |w 2026-02-21  |y PREZ 
952 |0 0  |1 0  |4 0  |7 0  |a SNK  |b SNK  |d 2002-07-23  |l 0  |o snkČSB 1838/1971  |p 17A0269059  |r 2005-01-02 00:00:00  |t č. 23-29  |w 2026-02-21  |y PREZ 
952 |0 0  |1 0  |4 0  |7 0  |a SNK  |b SNK  |d 2002-07-23  |l 0  |o snkČSB 1838/1972  |p 17A0269053  |r 2005-01-02 00:00:00  |t č. 30-35  |w 2026-02-21  |y PREZ 
952 |0 0  |1 0  |4 0  |7 0  |a SNK  |b SNK  |d 2002-07-23  |l 0  |o snkČSB 1838/1973  |p 17A0269004  |r 2005-01-02 00:00:00  |t č. 36-41  |w 2026-02-21  |y PREZ 
952 |0 0  |1 0  |4 0  |7 0  |a SNK  |b SNK  |d 2002-07-23  |l 0  |o snkČSB 1838/1974  |p 17A0269055  |r 2005-01-02 00:00:00  |t č. 42  |w 2026-02-21  |y PREZ 
952 |0 0  |1 0  |4 0  |7 0  |a SNK  |b SNK  |d 2020-07-13  |i snkČSP 3538/94  |l 0  |o snkČSB 1838/1993 D1  |p 17A1315614  |r 2026-02-21 22:01:55  |t č. 13-15  |w 2026-02-21  |y PREZ